Countries by Hint Quiz - Statistics

General Stats
  • This quiz has been taken 26 times
  • The average score is 9 of 15
Answer Stats
Hint Answer % Correct
The country where Hitler was from Austria
92%
Has the largest economy in the world United States
92%
Home to Uluru (Ayers Rock) Australia
88%
Capital is Havana Cuba
79%
Home to lake Baikal Russia
75%
Owns South Sandwich Islands United Kingdom
71%
The smallest country in Iberia Portugal
67%
Split into a theoretical country- Western Sahara Morocco
63%
Capital is Mogadishu Somalia
63%
Home to the Komodo Dragon Indonesia
50%
Only country to have a flag not containing red, white or blue Jamaica
38%
Capital is Ngerulmud Palau
38%
Borders the Pacific Ocean but all of its rivers flow into the Atlantic Peru
25%
Well know for potatoes in the East Belarus
21%
Micro-country in between France and Spain Leichtenstein
8%
No matching quizzes found
Score Distribution
Percent of People with Each Score
Percentile by Number Answered
Your Score History
You have not taken this quiz